000 00662nam a2200181Ia 4500
008 151202s9999||||xx |||||||||||||| ||und||
082 _bPNVM-64425
100 _aपाठक सुरेश.
245 _aवद जाऊ कुणाला शरण?.
260 _bअभिषेक टाईपसेटर्स अ‍ॅण्ड पाब्लिशर्स पुणे.
260 _c64425
300 _a108
600 _aपाठक सुरेश.
630 _aवद जाऊ कुणाला शरण?.
700 _aपाठक सुरेश.
730 _aवद जाऊ कुणाला शरण?.
942 _cBOOK
999 _c1330958
_d1330955